Sports Quiz

Random Sports or NFL Quiz

New York Giants Playoff Wins Quiz Stats

 Plays Quiz not verified by Sporcle

Score 0/24 Timer 06:00
0 Plays Today
Season Team % Correct
2011New England Patriots
91%
2007New England Patriots
88.8%
2007Green Bay Packers
88.1%
2011Green Bay Packers
85.8%
2011Atlanta Falcons
83.6%
2011San Francisco 49ers
83.6%
2007Dallas Cowboys
80.6%
1990Buffalo Bills
79.1%
2000Minnesota Vikings
76.9%
2007Tampa Bay Buccaneers
76.9%
1986Denver Broncos
73.9%
1990San Francisco 49ers
73.9%
Season Team % Correct
2000Philadelphia Eagles
68.7%
1986Washington Redskins
67.2%
1986San Francisco 49ers
65.7%
1934Chicago Bears
64.9%
1990Chicago Bears
59.7%
1956Chicago Bears
58.2%
1938Green Bay Packers
53.7%
1985San Francisco 49ers
53.7%
1981Philadelphia Eagles
53%
1993Minnesota Vikings
52.2%
1958Cleveland Browns
47%
1984Los Angeles Rams
47%

You're not logged in!

Compare scores with friends on all Sporcle quizzes.
OR
Log In

Sporcle TV

Today on Sporcle TV


Watch our educational content, quiz creation guides, and fun videos on Sporcle TV.

Show Comments

Extras

Top Quizzes Today


Score Distribution

Your Account Isn't Verified!

In order to create a playlist on Sporcle, you need to verify the email address you used during registration. Go to your Sporcle Settings to finish the process.

Report this User

Report this user for behavior that violates our Community Guidelines.

Details: